Đồng Nai với công tác đền ơn đáp nghĩa
Na minha lista:
| Autor principal: | |
|---|---|
| Formato: | Livro |
| Idioma: | Undetermined |
| Assuntos: | |
| Acesso em linha: | http://lrc.tdmu.edu.vn/opac/search/detail.asp?aID=2&ID=35580 |
| Tags: |
Adicionar Tag
Sem tags, seja o primeiro a adicionar uma tag!
|
| Thư viện lưu trữ: | Trung tâm Học liệu Trường Đại học Thủ Dầu Một |
|---|
| LEADER | 00554nam a2200145Ia 4500 | ||
|---|---|---|---|
| 001 | TDMU_35580 | ||
| 008 | 210410s9999 xx 000 0 und d | ||
| 082 | |a 953 | ||
| 100 | |a Thương, Hoài | ||
| 245 | 0 | |a Đồng Nai với công tác đền ơn đáp nghĩa | |
| 245 | 0 | |c Thương Hoài | |
| 300 | |a Tr.22-23 | ||
| 650 | |a Chính trị - Xã hội; Đồng Nai; Đền ơn đáp nghĩa | ||
| 856 | |u http://lrc.tdmu.edu.vn/opac/search/detail.asp?aID=2&ID=35580 | ||
| 980 | |a Trung tâm Học liệu Trường Đại học Thủ Dầu Một | ||